Stredoveké Slovensko : cesta dejinami

Na minha lista:
Detalhes bibliográficos
Autor principal: Kučera, Matúš (Author)
Formato: Livro
Publicado em: Bratislava : Perfekt, 2002
Assuntos:
Tags: Adicionar Tag
Sem tags, seja o primeiro a adicionar uma tag!

MARC

LEADER 00000nam a22000003a 4500
001 stu115847
005 20150617225914.4
008 060405s2002----------------------------d
020 |a 80-8046-217-8 
040 |a STU  |b slo 
041 0
100 1 |a Kučera, Matúš  |4 aut 
245 1 |a Stredoveké Slovensko :  |b cesta dejinami 
260 |a Bratislava :  |b Perfekt,  |c 2002 
300 |a 228 s 
650 7 |a stredovek  |2 stusub 
650 7 |a Slovensko-dejiny  |2 stusub 
996 |b 284AU01942  |c A*4578 U  |l AAKNST  |s P  |a 0  |w stu115847_0001 
996 |b 284AU01943  |c A*4579 U  |l AAKNAR  |s A  |a 24  |w stu115847_0002